Statistics for Types of symbiosis

Click here to take the quiz!

General Stats

  • This quiz has been taken 8 times
  • The average score is 3 of 6

Answer Stats

HintAnswer% Correct
Where one species benefits at the expense of another species, without killing itParasitism
86%
Where two species benefit one anotherMutualism
86%
Where one species benefits from another, without any negative or positive impact on itCommensalism
86%
Where two species negatively impact one anotherCompetition
29%
Where one species benefits at the expense of another species, killing itPredation
29%
Where one species is negatively affected, while the other is not affected positively or negativelyAmensalism
14%

Score Distribution

Percentile by Number Answered

Percent of People with Each Score

Your Score History

You have not taken this quiz